<?xml version="1.0" encoding="UTF-8"?>
<record
    xmlns:xsi="http://www.w3.org/2001/XMLSchema-instance"
    xsi:schemaLocation="http://www.loc.gov/MARC21/slim http://www.loc.gov/standards/marcxml/schema/MARC21slim.xsd"
    xmlns="http://www.loc.gov/MARC21/slim">

  <leader>00584nam a2200229Ia 4500</leader>
  <controlfield tag="005">20230303111903.0</controlfield>
  <controlfield tag="008">230125s9999    xx            000 0 und d</controlfield>
  <datafield tag="020" ind1=" " ind2=" ">
    <subfield code="a">9789332518377</subfield>
  </datafield>
  <datafield tag="041" ind1=" " ind2=" ">
    <subfield code="a">eng</subfield>
  </datafield>
  <datafield tag="082" ind1=" " ind2=" ">
    <subfield code="a">659.1</subfield>
    <subfield code="b">CLO</subfield>
  </datafield>
  <datafield tag="100" ind1=" " ind2=" ">
    <subfield code="a">Clow K E</subfield>
  </datafield>
  <datafield tag="245" ind1=" " ind2=" ">
    <subfield code="a">Integrated Advertising Promotion and Marketing Communications</subfield>
  </datafield>
  <datafield tag="250" ind1=" " ind2=" ">
    <subfield code="a">6th Ed.</subfield>
  </datafield>
  <datafield tag="260" ind1=" " ind2=" ">
    <subfield code="c">2014</subfield>
    <subfield code="b">Pearson Education</subfield>
    <subfield code="a">Chennai</subfield>
  </datafield>
  <datafield tag="300" ind1=" " ind2=" ">
    <subfield code="a">455p</subfield>
  </datafield>
  <datafield tag="500" ind1=" " ind2=" ">
    <subfield code="a">advertising</subfield>
  </datafield>
  <datafield tag="650" ind1=" " ind2=" ">
    <subfield code="a">advertising</subfield>
  </datafield>
  <datafield tag="700" ind1=" " ind2=" ">
    <subfield code="a">Clow K E &amp; Baack D E</subfield>
  </datafield>
  <datafield tag="906" ind1=" " ind2=" ">
    <subfield code="b">229.4</subfield>
  </datafield>
  <datafield tag="942" ind1=" " ind2=" ">
    <subfield code="c">BK</subfield>
  </datafield>
  <datafield tag="999" ind1=" " ind2=" ">
    <subfield code="c">94610</subfield>
    <subfield code="d">94610</subfield>
  </datafield>
  <datafield tag="952" ind1=" " ind2=" ">
    <subfield code="0">0</subfield>
    <subfield code="1">0</subfield>
    <subfield code="4">0</subfield>
    <subfield code="7">0</subfield>
    <subfield code="a">HIMR</subfield>
    <subfield code="b">HIMR</subfield>
    <subfield code="d">2017-02-23</subfield>
    <subfield code="e">Suyog Enterprises</subfield>
    <subfield code="g">740.00</subfield>
    <subfield code="i">SE/SI/3790</subfield>
    <subfield code="l">0</subfield>
    <subfield code="o">659.1 CLO B15255</subfield>
    <subfield code="p">HIMR-BK-15255</subfield>
    <subfield code="r">2023-01-25 00:00:00</subfield>
    <subfield code="v">510.60</subfield>
    <subfield code="w">2017-02-22</subfield>
    <subfield code="y">BK</subfield>
    <subfield code="z">B15255</subfield>
  </datafield>
  <datafield tag="952" ind1=" " ind2=" ">
    <subfield code="0">0</subfield>
    <subfield code="1">0</subfield>
    <subfield code="4">0</subfield>
    <subfield code="7">0</subfield>
    <subfield code="a">HIMR</subfield>
    <subfield code="b">HIMR</subfield>
    <subfield code="d">2017-02-23</subfield>
    <subfield code="e">Suyog Enterprises</subfield>
    <subfield code="g">740.00</subfield>
    <subfield code="i">SE/SI/3790</subfield>
    <subfield code="l">0</subfield>
    <subfield code="o">659.1 CLO B15256</subfield>
    <subfield code="p">HIMR-BK-15256</subfield>
    <subfield code="r">2023-01-25 00:00:00</subfield>
    <subfield code="v">510.60</subfield>
    <subfield code="w">2017-02-22</subfield>
    <subfield code="y">BK</subfield>
    <subfield code="z">B15256</subfield>
  </datafield>
  <datafield tag="952" ind1=" " ind2=" ">
    <subfield code="0">0</subfield>
    <subfield code="1">0</subfield>
    <subfield code="4">0</subfield>
    <subfield code="7">0</subfield>
    <subfield code="a">HIMR</subfield>
    <subfield code="b">HIMR</subfield>
    <subfield code="d">2017-02-23</subfield>
    <subfield code="e">Suyog Enterprises</subfield>
    <subfield code="g">740.00</subfield>
    <subfield code="i">SE/SI/3790</subfield>
    <subfield code="l">0</subfield>
    <subfield code="o">659.1 CLO B15257</subfield>
    <subfield code="p">HIMR-BK-15257</subfield>
    <subfield code="r">2023-01-25 00:00:00</subfield>
    <subfield code="v">510.60</subfield>
    <subfield code="w">2017-02-22</subfield>
    <subfield code="y">BK</subfield>
    <subfield code="z">B15257</subfield>
  </datafield>
  <datafield tag="952" ind1=" " ind2=" ">
    <subfield code="0">0</subfield>
    <subfield code="1">0</subfield>
    <subfield code="4">0</subfield>
    <subfield code="7">0</subfield>
    <subfield code="a">HIMR</subfield>
    <subfield code="b">HIMR</subfield>
    <subfield code="d">2018-03-12</subfield>
    <subfield code="e">Pritam Book Centre</subfield>
    <subfield code="g">789.00</subfield>
    <subfield code="i">10549</subfield>
    <subfield code="l">0</subfield>
    <subfield code="o">659.1 CLO B16212</subfield>
    <subfield code="p">HIMR-BK-16212</subfield>
    <subfield code="r">2023-01-25 00:00:00</subfield>
    <subfield code="v">760.00</subfield>
    <subfield code="w">2018-02-28</subfield>
    <subfield code="y">BK</subfield>
    <subfield code="z">B16212</subfield>
  </datafield>
  <datafield tag="952" ind1=" " ind2=" ">
    <subfield code="0">0</subfield>
    <subfield code="1">0</subfield>
    <subfield code="4">0</subfield>
    <subfield code="7">0</subfield>
    <subfield code="a">HIMR</subfield>
    <subfield code="b">HIMR</subfield>
    <subfield code="d">2018-03-12</subfield>
    <subfield code="e">Pritam Book Centre</subfield>
    <subfield code="g">789.00</subfield>
    <subfield code="i">10549</subfield>
    <subfield code="l">0</subfield>
    <subfield code="o">659.1 CLO B16213</subfield>
    <subfield code="p">HIMR-BK-16213</subfield>
    <subfield code="r">2023-01-25 00:00:00</subfield>
    <subfield code="v">760.00</subfield>
    <subfield code="w">2018-02-28</subfield>
    <subfield code="y">BK</subfield>
    <subfield code="z">B16213</subfield>
  </datafield>
  <datafield tag="952" ind1=" " ind2=" ">
    <subfield code="0">0</subfield>
    <subfield code="1">0</subfield>
    <subfield code="4">0</subfield>
    <subfield code="7">0</subfield>
    <subfield code="a">HIMR</subfield>
    <subfield code="b">HIMR</subfield>
    <subfield code="d">2018-03-12</subfield>
    <subfield code="e">Pritam Book Centre</subfield>
    <subfield code="g">789.00</subfield>
    <subfield code="i">10549</subfield>
    <subfield code="l">0</subfield>
    <subfield code="o">659.1 CLO B16214</subfield>
    <subfield code="p">HIMR-BK-16214</subfield>
    <subfield code="r">2023-01-25 00:00:00</subfield>
    <subfield code="v">760.00</subfield>
    <subfield code="w">2018-02-28</subfield>
    <subfield code="y">BK</subfield>
    <subfield code="z">B16214</subfield>
  </datafield>
  <datafield tag="952" ind1=" " ind2=" ">
    <subfield code="0">0</subfield>
    <subfield code="1">0</subfield>
    <subfield code="4">0</subfield>
    <subfield code="7">0</subfield>
    <subfield code="a">HIMR</subfield>
    <subfield code="b">HIMR</subfield>
    <subfield code="d">2018-03-12</subfield>
    <subfield code="e">Pritam Book Centre</subfield>
    <subfield code="g">789.00</subfield>
    <subfield code="i">10549</subfield>
    <subfield code="l">0</subfield>
    <subfield code="o">659.1 CLO B16215</subfield>
    <subfield code="p">HIMR-BK-16215</subfield>
    <subfield code="r">2023-01-25 00:00:00</subfield>
    <subfield code="v">760.00</subfield>
    <subfield code="w">2018-02-28</subfield>
    <subfield code="y">BK</subfield>
    <subfield code="z">B16215</subfield>
  </datafield>
  <datafield tag="952" ind1=" " ind2=" ">
    <subfield code="0">0</subfield>
    <subfield code="1">0</subfield>
    <subfield code="4">0</subfield>
    <subfield code="7">0</subfield>
    <subfield code="a">HIMR</subfield>
    <subfield code="b">HIMR</subfield>
    <subfield code="d">2018-03-12</subfield>
    <subfield code="e">Pritam Book Centre</subfield>
    <subfield code="g">789.00</subfield>
    <subfield code="i">10549</subfield>
    <subfield code="l">0</subfield>
    <subfield code="o">659.1 CLO B16216</subfield>
    <subfield code="p">HIMR-BK-16216</subfield>
    <subfield code="r">2023-01-25 00:00:00</subfield>
    <subfield code="v">760.00</subfield>
    <subfield code="w">2018-02-28</subfield>
    <subfield code="y">BK</subfield>
    <subfield code="z">B16216</subfield>
  </datafield>
  <datafield tag="952" ind1=" " ind2=" ">
    <subfield code="0">0</subfield>
    <subfield code="1">0</subfield>
    <subfield code="4">0</subfield>
    <subfield code="7">0</subfield>
    <subfield code="a">HIMR</subfield>
    <subfield code="b">HIMR</subfield>
    <subfield code="d">2020-02-25</subfield>
    <subfield code="e">Forward Books</subfield>
    <subfield code="g">839.00</subfield>
    <subfield code="i">11220</subfield>
    <subfield code="l">0</subfield>
    <subfield code="o">659.1 CLO B19801</subfield>
    <subfield code="p">HIMR-BK-19801</subfield>
    <subfield code="r">2023-01-25 00:00:00</subfield>
    <subfield code="v">604.08</subfield>
    <subfield code="w">2023-01-25</subfield>
    <subfield code="y">BK</subfield>
    <subfield code="z">B19801</subfield>
  </datafield>
  <datafield tag="952" ind1=" " ind2=" ">
    <subfield code="0">0</subfield>
    <subfield code="1">0</subfield>
    <subfield code="4">0</subfield>
    <subfield code="7">0</subfield>
    <subfield code="a">HIMR</subfield>
    <subfield code="b">HIMR</subfield>
    <subfield code="d">2020-02-25</subfield>
    <subfield code="e">Forward Books</subfield>
    <subfield code="g">839.00</subfield>
    <subfield code="i">11220</subfield>
    <subfield code="l">1</subfield>
    <subfield code="o">659.1 CLO B19802</subfield>
    <subfield code="p">HIMR-BK-19802</subfield>
    <subfield code="q">2026-07-07</subfield>
    <subfield code="r">2026-01-08 15:33:12</subfield>
    <subfield code="s">2026-01-08</subfield>
    <subfield code="v">604.08</subfield>
    <subfield code="w">2023-01-25</subfield>
    <subfield code="y">BK</subfield>
    <subfield code="z">B19802</subfield>
  </datafield>
</record>
